Study guide contemporary marketing
Guardat en:
| Autor principal: | |
|---|---|
| Format: | Llibre |
| Idioma: | anglès |
| Publicat: |
South-Western,
2006
|
| Etiquetes: |
Afegir etiqueta
Sense etiquetes, Sigues el primer a etiquetar aquest registre!
|
MARC
| LEADER | 00000nam a22000007a 4500 | ||
|---|---|---|---|
| 008 | 201218b ||||| |||| 00| 0 eng d | ||
| 020 | |a : 0-324-23678-6 | ||
| 100 | |a BOONE, Louis E |a . Kurtz, David L | ||
| 245 | |a Study guide |b contemporary marketing |c /Louise E. Boone, David L. Kurtz | ||
| 250 | |b 12th ed | ||
| 260 | |b South-Western, |c 2006 |d Books |h Mason, Ohio |i 687132 |l HF5415 .B64 |m 1. Marketing – Problems, exercises | ||
| 942 | |a lcc |c BK |e Adekanye I. H. |f 18/12/2020 | ||
| 952 | |0 0 |1 0 |2 lcc |4 0 |6 HF5415 B64 |7 0 |9 958 |a HOL |b HOL |c GJ |d 2020-12-18 |l 0 |o HF5415 .B64 |p 2020-230185 |r 2020-12-18 00:00:00 |w 2020-12-18 |y BK | ||
| 999 | |c 492 |d 492 | ||